000 00585nam a22001817a 4500
003 NUST - PNEC
005 20170116181206.0
008 161104b xxu||||| |||| 00| 0 eng d
020 _a9781447146216
040 _cPNEC
082 _a621.4021 QUE
100 _916838
_aQuerol, Enrique
245 _aPractical approach to exergy and thermoeconomic analyses of industrial processes
_bSpringer briefs in energy
_cEnrique Querol
260 _aLondon:
_bSpringer London Heidelberg,
_cc.2013
300 _a84 pages
650 _916839
_aExergy, Engineering economy
_xME
942 _2ddc
_cBK
999 _c71643
_d71643